Yakin pada diri sendiri

Bibliographic Details
Format: Book
Published: Kuala Lumpur : Penerbitan Fargoes Sdn. Bhd , 2005
Series:Siri kanak-kanak harmoni
Subjects:

MARC

LEADER 00000cam a2200000 7i4500
001 0000065339
005 20160815.0
008 160815
020 |a 9831283457 
090 0 0 |a JF   |b JAW 
245 0 0 |a Yakin pada diri sendiri 
260 |a Kuala Lumpur :   |b Penerbitan Fargoes Sdn. Bhd ,   |c 2005 
440 0 |a Siri kanak-kanak harmoni 
500 |a Children ages 7-9 years old (orange) 
650 0 |a Jawi 
999 |a 0000899638   |b Book   |c Children Collection   |e Cawangan Tmn. Ungku Tun Aminah 
999 |a 0000899641   |b Book   |c Children Collection   |e Cawangan Tangkak 
999 |a 0000899645   |b Book   |c Children Collection   |e Cawangan Mersing 
999 |a 0000988496   |b Book   |c Children Collection   |e Cawangan Tangkak 
999 |a 0000988499   |b Book   |c Children Collection   |e Cawangan Pontian 
999 |a 0001215423   |b Book   |c Children Collection   |e Cawangan Taman Universiti 
999 |a 0001215424   |b Book   |c Children Collection   |e Cawangan Tangkak 
999 |a 0001215425   |b Book   |c Children Collection   |e Cawangan Bukit Gambir 
999 |a 0001215426   |b Book   |c Children Collection   |e Cawangan Pontian 
999 |a 0001215427   |b Book   |c Children Collection   |e Cawangan Segamat 
999 |a 0001215428   |b Book   |c Children Collection   |e Cawangan Tmn. Ungku Tun Aminah 
999 |a 0001215435   |b Book   |c Children Collection   |e Cawangan Mersing 
999 |a 0001215436   |b Book   |c Children Collection   |e Cawangan Taman Universiti